000 00438nam a2200169Ia 4500
001 24035
003 IN-NITTTR
005 20251114233309.0
008 251113s9999||||xx |||||||||||||| ||eng||
040 _beng
040 _cIN-NITTTR
041 _aeng
082 _aR778.5235 O 1 D
100 _aOhanian, Thomas A.
245 0 _aDigital nonlinear editing :
_bediting film and video on the desktop /
_cOhanian,Thomas A.
942 _2ddc
_cBK
999 _c26664
_d26664